| 000 | 01049nam1a2200313 4500 | ||
|---|---|---|---|
| 001 | RU\NLR\bibl\541176 | ||
| 005 | 20260408194535.0 | ||
| 021 |
_aRU _b2004-2366п _9101 |
||
| 035 | _a(NLR Aleph) 000533420 | ||
| 090 |
_a1367603 _c1367603 |
||
| 100 | _a20260201 rusy50 | ||
| 101 | 0 | _arus | |
| 102 | _aRU | ||
| 105 | _a||||z ||||| | ||
| 200 | 1 | _aТяжелые истребители второй мировой войны | |
| 210 |
_a[М.] _cЦАГИ _d2003 |
||
| 215 | _d28 | ||
| 225 | 1 |
_aАвиационный сборник _eПрил. к бюл. ЦАГИ "Техн. информ." ... |
|
| 225 | 1 | _aСерия "История авиационной техники" | |
| 225 | 1 | _aСерия "Самолеты мира" | |
| 463 | 0 | _1001541248 | |
| 606 |
_aИстребители (авиац.) _z1939 - 1945 _3RU\NLR\auth\661366723 _92281200 |
||
| 686 | _aЦ651.111.1г(0) | ||
| 801 | 0 |
_aRU _bNLR _c20040720 _gPSBO |
|
| 801 | 1 |
_aRU _bNLR _c20040720 |
|
| 852 |
_aNLR _jП11/3649 |
||
| 942 | _cBOOK | ||
| 980 | _aNB | ||